Statistics for Figure Skating Jumps

Click here to take the quiz!

General Stats

  • This quiz has been taken 309 times
  • The average score is 5 of 6

Answer Stats

Level of DifficultyAnswer% Correct
HardestAxel
100%
Loop
93%
Lutz
92%
Flip
88%
Salchow
87%
EasiestToe Loop
84%

Score Distribution

Percentile by Number Answered

Percent of People with Each Score

Your Score History

You have not taken this quiz